00614 2200229 4500001002100000005001500021035002000036007000300056008004100059082000800100084001400108100001300122245002400135250001900159260003100178300001100209500010200220650001800322700002000340856001700360990000700377INLIS00000000000006820220126084209 a0010-0122000068ta220126 g 0 ind  a004 a004 UNT p0 aUntung,S1 aPengenalan Komputer acetakan ke - 1 aSurabaya :bKarunia,c1996 a62 hlm aSeri Muatan lokal terdiri dari pengenalan komputer, pengenalan otomotif, tata boga 1, tata boga 2 4aIlmu Komputer0 aRini Susilowati aKoleksi Umum a71